Худей!; Жребий Иерусалима; Кладбище домашних любимцев: романы; пер. с англ.

Bibliografiske detaljer
Hovedforfatter: Кинг С. Стивен
Summary:Стивен Кинг — фантастически популярный американский писатель, прекрасно знакомый и российским читателям. На его счету свыше двух десятков книг. И не просто книг, а книг, из года в год лидирующих в списках бестселлеров: книг, суммарный тираж которых только на языке оригинала превышает сенсационный "потолок" в пятьдесят миллионов экземпляров. В первом томе его творчество представлено романами "Худей!" ( «Thiппеr!»), "Кладбище домашних любимцев" ("Pet cemetary") и повестью "Жребий Салема" ("Salem's lot").
Sprog:russisk
Udgivet: Донецк, Джой, 1993
Serier:Horror
Fag:
Format: MixedMaterials Bog
KOHA link:https://koha.lib.tpu.ru/cgi-bin/koha/opac-detail.pl?biblionumber=344278

MARC

LEADER 00000nam0a2200000 4500
001 344278
005 20231129155410.0
010 |a 5-85507-002-7 
035 |a (RuTPU)RU\TPU\book\375609 
090 |a 344278 
100 |a 20200121d1993 m||y0rusy50 ca 
101 1 |a rus  |c eng 
102 |a UA 
105 |a a z 000ay 
181 0 |a i   |b  e  
182 0 |a n 
183 0 |a nc  |2 RDAcarrier 
200 1 |a Худей!  |a Жребий Иерусалима  |a Кладбище домашних любимцев  |e романы  |e пер. с англ.  |f С. Кинг 
203 |a Текст  |b визуальный  |c непосредственный 
210 |a Донецк  |c Джой  |d 1993 
215 |a 576 с.  |c ил. 
225 1 |a Horror 
283 |a volume  |2 RDAcarrier 
330 |a Стивен Кинг — фантастически популярный американский писатель, прекрасно знакомый и российским читателям. На его счету свыше двух десятков книг. И не просто книг, а книг, из года в год лидирующих в списках бестселлеров: книг, суммарный тираж которых только на языке оригинала превышает сенсационный "потолок" в пятьдесят миллионов экземпляров. В первом томе его творчество представлено романами "Худей!" ( «Thiппеr!»), "Кладбище домашних любимцев" ("Pet cemetary") и повестью "Жребий Салема" ("Salem's lot"). 
606 1 |a Американская литература (англо-язычная литература)  |2 stltpush  |3 (RuTPU)RU\TPU\subj\28887  |9 52349 
610 1 |a фантастика 
610 1 |a мистика 
610 1 |a романы 
675 |a 82  |v 4  |z rus 
700 1 |a Кинг  |b С.  |g Стивен 
801 1 |a RU  |b 63413507  |c 20200121 
801 2 |a RU  |b 63413507  |c 20200205  |g RCR 
942 |c BK